Statistics for Countries of Oceania

Click here to take the quiz!

General Stats

  • This quiz has been taken 139,733 times
    (139,716 since last reset)
  • The average score is 12 of 14

Answer Stats

Country % Correct
Australia
99%
New Zealand
98%
Papua New Guinea
90%
Fiji
90%
Fed. States of Micronesia
82%
Solomon Islands
80%
Samoa
80%
Marshall Islands
80%
Tonga
79%
Vanuatu
78%
Tuvalu
77%
Kiribati
76%
Palau
75%
Nauru
74%

Score Distribution

Percentile by Number Answered

Percent of People with Each Score

Your Score History

You have not taken this quiz since the last reset